|
|
|
|
| LEADER |
00000nam a22000007a 4500 |
| 005 |
2015051309469.0 |
| 007 |
cr|||| |||| |
| 008 |
150513s2015 es |||||s|||| 00||0 spa d |
| 020 |
|
|
|a 978-84-9085-303-0
|
| 035 |
|
|
|a 12676
|
| 040 |
|
|
|a vLex
|
| 090 |
|
|
|c 5413
|d 5413
|
| 100 |
1 |
|
|a Adroher Biosca, Salom̌
|
| 245 |
1 |
0 |
|a Se busca familia para un niǫ
|h [Recurso electrn̤ico] :
|b Perspectivas psico-jurd̕icas sobre la adoptabilidad /
|c Salom ̌Adroher Biosca, Blanca Gm̤ez Bengoechea, Ana Bers̀tegui Pedro-Viejo
|
| 256 |
|
|
|a Servicio en ln̕ea
|
| 260 |
|
|
|a Madrid:
|b Dykinson,
|c 2015
|
| 300 |
|
|
|a 1 recurso electrn̤ico
|
| 506 |
1 |
|
|a Disponible solo en los productos indicados
|d vLex Global
|d vLex Global (Academic Edition, excluding Law Schools)
|d vLex Global (U.S. Academic Edition, Law Schools)
|d vLex Global (U.S. Academic Edition, excluding Law Schools)
|d vLex Global (Academic Edition, Law Schools)
|
| 650 |
0 |
4 |
|a Familia y Sucesiones
|z Espaą
|
| 700 |
1 |
|
|a Gm̤ez Bengoechea, Blanca
|
| 700 |
1 |
|
|a Bers̀tegui Pedro-Viejo, Ana
|
| 740 |
0 |
|
|a vLex Libros (Servicio en ln̕ea)
|
| 856 |
4 |
0 |
|u http://vlex.com/source/busca-familia-ni-o-12676
|z Acceso restringido
|
| 942 |
|
|
|c BOOK
|
| 999 |
0 |
|
|a Family and Inheritance
|